|
|
|
|
| LEADER |
01249nam a2200349 a 4500 |
| 001 |
1251 |
| 003 |
BD-DhAAL |
| 005 |
20150418115151.0 |
| 008 |
150418s1992 enka b 001 0 eng |
| 010 |
|
|
|a 91037355
|
| 020 |
|
|
|a 0198584083 (hb.) :
|c £25.00 ($37.50 U.S.)
|
| 020 |
|
|
|a 0198584121 (pbk.) :
|c £7.99 ($16.00 U.S.)
|
| 040 |
|
|
|a DLC
|c DLC
|d DLC
|d BD-DhAAL
|
| 050 |
0 |
0 |
|a TD193
|b .M68 1992
|
| 082 |
0 |
0 |
|a 363.7
|2 20
|
| 245 |
0 |
0 |
|a Monitoring the environment /
|c edited by Bryan Cartledge.
|
| 260 |
|
|
|a Oxford ;
|a New York :
|b Oxford University Press,
|c 1992.
|
| 300 |
|
|
|a 216 p. :
|b ill. ;
|c 21 cm.
|
| 490 |
1 |
|
|a The Linacre lectures ;
|v 1990-91
|
| 504 |
|
|
|a Includes bibliographical references and index.
|
| 541 |
|
|
|e 1251
|
| 650 |
|
0 |
|a Environmental monitoring.
|9 10512
|
| 650 |
|
0 |
|a Pollution.
|9 10513
|
| 650 |
|
0 |
|a Human ecology.
|9 5681
|
| 650 |
|
0 |
|a Ecology.
|9 10514
|
| 650 |
|
0 |
|a Nature conservation.
|9 10515
|
| 650 |
|
0 |
|a Environmental protection.
|9 6547
|
| 700 |
1 |
|
|a Cartledge, Bryan,
|c Sir.
|9 10516
|
| 830 |
|
0 |
|a Linacre lecture ;
|v 1990-91.
|9 10517
|
| 942 |
|
|
|2 ddc
|c BK
|
| 999 |
|
|
|c 34261
|d 34261
|
| 952 |
|
|
|0 0
|1 0
|2 ddc
|4 0
|6 363_700000000000000_MON
|7 0
|9 53487
|a SCL
|b SCL
|c GEN
|d 2015-04-18
|l 0
|o 363.7 MON
|p 3020001251
|r 2015-04-18
|t 1
|w 2015-04-18
|y BK
|